000 00253nam a22001217a 4500
041 _aENG
100 _aFinch.V.C
245 _aPump Handhaak
260 _aDelhi
_bDeepak Publications
_c1967
300 _a202
650 _aSWCE (06)
856 _uSWCE (06)
999 _c2897
_d2897